000 00457nam a2200169 a 4500
001 000031610
005 20200930063042.0
008 110628s19uu dr 000 0 spa d
040 _aDO-SdBNP
_bspa
_cBNPHU
100 1 _aGómez Cerda, José
_98583
245 1 3 _aEl sindicalista /
_cJosé Gómez Cerda.
260 _aSanto Domingo :
_b[s.n.],
_c[199?].
300 _a34 P. ;
_c19 cm.
490 1 _aConciencia
830 0 _aConciencia
_912689
049 _aBNPD
999 _c31102
_d31102